Viac pracovnoprávnych vzťahov u jedného zamestnávateľa

Viac pracovnoprávnych pomerov u jedného zamestnávateľa podľa paragrafu 50 Zákonníka práce. Druh práce. Prijímanie do pracovného pomeru. Pracovný čas. Dovolenka. Stravovanie. Prekážky v práci. Výplatná páska. Súbeh pracovných pomerov z dôvodu miesta výkonu práce. Viac pracovnoprávnych vzťahov na zákl...

Descrizione completa

Salvato in:
Dettagli Bibliografici
Autore principale: Toman, Jozef
Natura: Capitolo di libro
Lingua:slovacco
Soggetti:
Tags: Aggiungi Tag
Nessun Tag, puoi essere il primo ad aggiungerne!!

MARC

LEADER 00000naa a2200000 4500
001 0135535
005 20231109102905.3
041 0 |a slo 
044 |a SK 
245 1 0 |a Viac pracovnoprávnych vzťahov u jedného zamestnávateľa  |c Jozef Toman 
520 |a Viac pracovnoprávnych pomerov u jedného zamestnávateľa podľa paragrafu 50 Zákonníka práce. Druh práce. Prijímanie do pracovného pomeru. Pracovný čas. Dovolenka. Stravovanie. Prekážky v práci. Výplatná páska. Súbeh pracovných pomerov z dôvodu miesta výkonu práce. Viac pracovnoprávnych vzťahov na základe dohôd o prácach vykonávaných mimo pracovného pomeru u zamestnávateľa. Pracovný pomer a dohody o prácach vykonávaných mimo pracovného pomeru u jedného zamestnávateľa. Príklady z praxe. 
610 2 0 |a právo pracovné 
610 2 0 |a vzťahy pracovnoprávne 
610 2 0 |a zákonník práce 
610 2 0 |a pomer pracovný 
610 2 0 |a dohody o činnosti pracovnej 
610 2 0 |a dohody o vykonaní práce 
610 2 0 |a pomer pracovný súbežný 
100 1 |a Toman, Jozef